| 000 | 00682nam a2200229Ia 4500 | ||
|---|---|---|---|
| 005 | 20251203152201.0 | ||
| 008 | 131103s9999 xx 000 0 und d | ||
| 040 | _aLoreto College | ||
| 041 | _aEnglish | ||
| 082 |
_a709.54 _bCOO |
||
| 100 | _aCoomaraswamy,Ananda K. | ||
| 245 |
_aIntrouduction to Indian Art _cAnanda K.Coomaraswamy;edited by Mrs. Ananda K.Coomaraswamy |
||
| 250 | _a2nd ed. | ||
| 260 |
_aDelhi _bMunshiram Manoharlal _c1969 |
||
| 300 |
_a104 p. _b 44 illus. |
||
| 504 | _aIncludes bibliographical references and index | ||
| 650 | _aArt - History | IKS | ||
| 651 | _aIndian Art | ||
| 700 | _aCoomaraswamy,Ananda K.;ed. | ||
| 850 | _aLCLIB | ||
| 942 | _cBK | ||
| 999 |
_c17337 _d67816 |
||